000 00737nam a2200289Ia 4500
005 20260324120055.0
008 008 260324s9999 xx 000 0 eng d
020 _a9780429478734
037 _aEBOOK
040 _aCRL
040 _beng
040 _cCRL
041 _2eng
041 _aeng
084 _qCRL
100 _aSimon Boag; Linda A. W. Brakel; Vesa Talvitie
_91157129
245 0 _aPsychoanalysis and Philosophy of Mind
245 0 _bUnconscious Mentality in the Twenty-first Century
260 _bTaylor and Francis
260 _c2015
365 _a
365 _b220
856 _uhttp://www.taylorfrancis.com/books/9780429478734
942 _cEBOOK
999 _c1748448
_d1748448